LEADER 00860nam0-22002771i-450- 001 990005938570403321 005 19980601 035 $a000593857 035 $aFED01000593857 035 $a(Aleph)000593857FED01 035 $a000593857 100 $a19980601d1932----km-y0itay50------ba 105 $a--------00-yy 200 1 $a<>oggetto del reato e della tutela giuridica penale$eContributo alle teorie generali del reato e della pena$fARTURO ROCCO 210 $aRoma$cSoc. Edit. del Foro Italiano$d1932 215 $aIX 621 p.$d22 cm 676 $a345 700 1$aRocco,$bArturo$f<1876-1942>$0319551 801 0$aIT$bUNINA$gRICA$2UNIMARC 901 $aBK 912 $a990005938570403321 952 $aMASSARI D 3$b3665$fFGBC 959 $aFGBC 996 $aOggetto del reato e della tutela giuridica penale$9587254 997 $aUNINA DB $aGIU01 LEADER 01277nam--2200397---450- 001 990002697420203316 005 20080929101002.0 035 $a000269742 035 $aUSA01000269742 035 $a(ALEPH)000269742USA01 035 $a000269742 100 $a20051228d1970----km-y0itay0103----ba 101 $aita 102 $aIT 105 $aa|||||||001yy 200 1 $aDescrizione dello stato antico ed attuale del contado di Molise$econ un saggio storico sulla costituzione del Regno$fdell'avvocato Giuseppe Maria Galanti 205 $aRist. anast. 210 $aNapoli$c[s.n.]$dstampa 1970 215 $av.$cill.$d22 cm. 300 $aRipr. facs. dell'ed.: Napoli : presso la Società letteraria e tipografica, 1781 327 1 $a : 233, 100, 26 p. 410 0$12001 454 1$12001 461 1$1001-------$12001 607 $aMolise$xStoria 676 $a945.719 700 1$aGALANTI,$bGiuseppe Maria$036576 801 0$aIT$bsalbc$gISBD 912 $a990002697420203316 951 $aFC M 1947$bDLM$cFC M 959 $aBK 969 $aDILAM 979 $aDILAM$b90$c20051228$lUSA01$h1505 979 $aDILAM$b90$c20080929$lUSA01$h1010 996 $aDescrizione dello stato antico ed attuale del contado di Molise$9294602 997 $aUNISA